Technologie výroby sladu a piva

Gespeichert in:
Bibliographische Detailangaben
Hauptverfasser: Kosař, Karel (Verfasst von), Procházka, Stanislav (Verfasst von)
Format: Buch
Sprache:Tschechisch
Veröffentlicht: Praha : Výzkumný ústav pivovařský a sladařský, 2000
Tags: Tag hinzufügen
Keine Tags, Fügen Sie das erste Tag hinzu!

MARC

LEADER 00000nam a22000003a 4500
001 stu61375
005 20150617225651.0
008 011008s2000----xr------------------cze-d
020 |a 80-902658-6-3 
040 |a STU  |b slo 
041 0 |a cze 
044 |a xr 
080 |a 663.4 
100 1 |a Kosař, Karel  |4 aut 
245 1 |a Technologie výroby sladu a piva 
260 |a Praha :  |b Výzkumný ústav pivovařský a sladařský,  |c 2000 
300 |a 398 s. Obr.,tab 
700 1 |a Procházka, Stanislav  |4 aut 
996 |b C96703  |c C*96703  |l CCXV  |s P  |a 0  |w stu61375_0001 
996 |b C96702  |c C*96702  |l CCXV  |s P  |a 0  |w stu61375_0002 
996 |b C96689  |c C*96689  |l CCXV  |s P  |a 0  |w stu61375_0003 
996 |b C96690  |c C*96690  |l CCXV  |s P  |a 0  |w stu61375_0004 
996 |b C96691  |c C*96691  |l CCXV  |s P  |a 0  |w stu61375_0005 
996 |b C96692  |c C*96692  |l CCXV  |s P  |a 0  |w stu61375_0006 
996 |b C96693  |c C*96693  |l CCXV  |s P  |a 0  |w stu61375_0007 
996 |b C96694  |c C*96694  |l CCXV  |s P  |a 0  |w stu61375_0008 
996 |b C96695  |c C*96695  |l CCXV  |s P  |a 0  |w stu61375_0009 
996 |b C96696  |c C*96696  |l CCXV  |s P  |a 0  |w stu61375_0010 
996 |b C96697  |c C*96697  |l CCXV  |s P  |a 0  |w stu61375_0011 
996 |b C96698  |c C*96698  |l CCXV  |s P  |a 0  |w stu61375_0012 
996 |b C96699  |c C*96699  |l CCXV  |s P  |a 0  |w stu61375_0013 
996 |b C96700  |c C*96700  |l CCXV  |s P  |a 0  |w stu61375_0014 
996 |b C96701  |c C*96701  |l CCXV  |s P  |a 0  |w stu61375_0015